Hinduism : (Record no. 144528)
[ view plain ]
| 000 -LEADER | |
|---|---|
| fixed length control field | 00637nam a22001817a 4500 |
| 005 - DATE AND TIME OF LATEST TRANSACTION | |
| control field | 20170913164040.0 |
| 010 ## - LCCN (DPL NO) | |
| LC control number | 1718EN-30 |
| 020 ## - INTERNATIONAL STANDARD BOOK NUMBER | |
| International Standard Book Number | 9788124608395 |
| Terms of availability | 800.00 |
| 037 ## - SOURCE OF ACQUISITION | |
| Source of stock number/acquisition | A.K.Pub. & Dist. |
| Stock number | dpl |
| 100 ## - MAIN ENTRY--PERSONAL NAME | |
| Personal name | Sharma, Arvind |
| 245 ## - TITLE STATEMENT | |
| Title | Hinduism : |
| Statement of responsibility, etc | by Arvind Sharma |
| Remainder of title | on its own terms / |
| 260 ## - PUBLICATION, DISTRIBUTION, ETC. (IMPRINT) | |
| Date of publication, distribution, etc | 2016 |
| Place of publication, distribution, etc | New Delhi |
| Name of publisher, distributor, etc | A.K.Pub. & Dist. |
| 270 ## - ADDRESS | |
| Address | Vedasri, F-395, Sudarshan Park, Ramesh Nagar, |
| City | New Delhi |
| Postal code | 110015 |
| 300 ## - PHYSICAL DESCRIPTION | |
| Dimensions | 23cm(Hb) |
| Extent | xviii,279p. |
| 500 ## - GENERAL NOTE | |
| General note | Includes index |
| 942 ## - ADDED ENTRY ELEMENTS (KOHA) | |
| Item type | English Books |
| Source of classification or shelving scheme | Dewey Decimal Classification |
| Call number suffix | SHA |
No items available.
